<?xml version="1.0" encoding="UTF-8"?>
<record
    xmlns:xsi="http://www.w3.org/2001/XMLSchema-instance"
    xsi:schemaLocation="http://www.loc.gov/MARC21/slim http://www.loc.gov/standards/marcxml/schema/MARC21slim.xsd"
    xmlns="http://www.loc.gov/MARC21/slim">

  <leader>00621nam a22001937a 4500</leader>
  <controlfield tag="005">20240708153809.0</controlfield>
  <datafield tag="010" ind1=" " ind2=" ">
    <subfield code="a">ENG-140818</subfield>
  </datafield>
  <datafield tag="020" ind1=" " ind2=" ">
    <subfield code="c">350.00</subfield>
    <subfield code="a">9789391317829</subfield>
  </datafield>
  <datafield tag="035" ind1=" " ind2=" ">
    <subfield code="a">EN-124350</subfield>
  </datafield>
  <datafield tag="037" ind1=" " ind2=" ">
    <subfield code="b">DBAD</subfield>
  </datafield>
  <datafield tag="082" ind1=" " ind2=" ">
    <subfield code="a">883</subfield>
    <subfield code="2">1</subfield>
  </datafield>
  <datafield tag="100" ind1=" " ind2=" ">
    <subfield code="a">Bhatnagar, Ashwini</subfield>
    <subfield code="9">68232</subfield>
  </datafield>
  <datafield tag="245" ind1=" " ind2=" ">
    <subfield code="a">Fatal Clash:</subfield>
    <subfield code="b">The Rise And Fall of East West Airlines</subfield>
    <subfield code="c">Ashwini Bhatnagar</subfield>
  </datafield>
  <datafield tag="250" ind1=" " ind2=" ">
    <subfield code="a">1</subfield>
  </datafield>
  <datafield tag="260" ind1=" " ind2=" ">
    <subfield code="a">Noida</subfield>
    <subfield code="b">Jitendra Anand Infratech Private Limited</subfield>
    <subfield code="c">2022</subfield>
  </datafield>
  <datafield tag="270" ind1=" " ind2=" ">
    <subfield code="b">Noida</subfield>
    <subfield code="a">2203, Express Trade Towers-2 Sector-132</subfield>
    <subfield code="e">201304</subfield>
    <subfield code="m">jaipl3e@gmail.com</subfield>
  </datafield>
  <datafield tag="300" ind1=" " ind2=" ">
    <subfield code="a">186p.</subfield>
    <subfield code="c">20cm (pb)</subfield>
  </datafield>
  <datafield tag="942" ind1=" " ind2=" ">
    <subfield code="2">ddc</subfield>
    <subfield code="c">EN</subfield>
    <subfield code="h">883</subfield>
    <subfield code="m">BHA</subfield>
    <subfield code="e">1</subfield>
  </datafield>
  <datafield tag="999" ind1=" " ind2=" ">
    <subfield code="c">204017</subfield>
    <subfield code="d">204017</subfield>
  </datafield>
  <datafield tag="952" ind1=" " ind2=" ">
    <subfield code="0">0</subfield>
    <subfield code="1">0</subfield>
    <subfield code="4">0</subfield>
    <subfield code="7">0</subfield>
    <subfield code="8">NFIC</subfield>
    <subfield code="a">BL4</subfield>
    <subfield code="b">BL4</subfield>
    <subfield code="d">2024-07-08</subfield>
    <subfield code="e">DBAD</subfield>
    <subfield code="g">350.00</subfield>
    <subfield code="l">2</subfield>
    <subfield code="m">2</subfield>
    <subfield code="o">883 BHA</subfield>
    <subfield code="p">EN-124350</subfield>
    <subfield code="r">2025-06-20 00:00:00</subfield>
    <subfield code="s">2025-05-31</subfield>
    <subfield code="t">1</subfield>
    <subfield code="v">350.00</subfield>
    <subfield code="w">2024-07-08</subfield>
    <subfield code="y">EN</subfield>
  </datafield>
</record>
